00618nam a2200145 a 4500008004100000050001100041100002600052245004700078246002800125260010100153350000900254995007800263999001700341952011400358120416s1999 ||||||||||||||||| || u aTHESIS aMwanangombi, Clifford13aAn investigative study of road maintenance athe case of Lusaka City aKitwebCopperbelt University, School of Built Environment, Department of Civil Engineeringc1999 a0.00 D0.00FCBU-MAIN LIBRARY (Kitwe)H1I0.00UAVAILABLEZUniversity Collection c48255d48255 00102lcc4070a001b001cUniversity Collectiond2022-11-30l0oTHESISp9016791r2022-11-30w2022-11-30y002